Statistics for Ariana Grande - my everything (lyrics)

Click here to take the quiz!

General Stats

  • This quiz has been taken 243 times
  • The average score is 201 of 228

Answer Stats

My Everything% Correct
Verse 1 | Verse 2I
100%
my
99%
My
99%
a
98%
everything
98%
To
97%
to
97%
You
96%
you
96%
it
95%
And
94%
are
94%
ChorusHe
94%
in
94%
is
93%
that
93%
the
93%
it's
92%
we
92%
me
91%
not
91%
see
91%
So
91%
til'
91%
was
91%
say
90%
Cause
89%
cried
89%
love
89%
tears
89%
then
89%
were
89%
enough
88%
gone
88%
heart
88%
know
88%
miss
88%
nothing
88%
own
88%
reflection
87%
for
86%
got
86%
lot
86%
of
86%
them
86%
think
86%
what
86%
your
86%
don't
85%
just
85%
Now
85%
away
84%
can't
84%
taking
84%
clear
83%
Pain
83%
really
83%
time
83%
I'm
82%
i'm
82%
pride
82%
something
82%
us
82%
missing
81%
wrong
81%
deny
80%
push
80%
but
79%
guess
79%
sorry
79%
wasn't
79%
you're
79%
You're
79%
he's
78%
consequence
76%
sake
76%
saying
74%
this
74%
too
74%
feeling
73%
with
73%
all
71%
far
71%
much
71%
distance
69%
still
69%
temporary
69%
hope
68%
travelling
64%
handle
63%
fighting
62%
yours
61%
ain't
58%
without
58%
worth
58%
If
56%
bear
54%
cure
54%
weren't
51%
cross
43%
mind
43%

Score Distribution

Percentile by Number Answered

Percent of People with Each Score

Your Score History

You have not taken this quiz